000 00452nam a22001697a 4500
005 20251108172339.0
008 250721s1988 xx 000 0 ara d
082 1 4 _a920.56/أحم
100 1 _aتيمور، أحمد
245 1 0 _aأعيان القرن الرابع عشر /
264 1 _aسوسه :
_bدار المعارف،
_c1988.
300 _a140ص
650 1 7 _aالتراجم
650 1 7 _aالعرب
942 _2ddc
_cBK
999 _c76861
_d76861